00329nam a22000977a 4500008004100000082001200041110001300053245012300066260003400189300000800223230620b xxu||||| |||| 00| 0 eng d a323bUN bUNd1992 aCommission on Human RightsbReport on the fiftienth (13-14 August 1992)cEconomic and social councilhSupplement No.2A aNew York and GenevabUNc1992 a25p